Justicia penal de menores (Registro nro. 359)

Detalles MARC
000 -LEADER
fixed length control field 01142 a2200229 4500
001 - CONTROL NUMBER
control field 3774
005 - DATE AND TIME OF LATEST TRANSACTION
control field 20260407155430.0
008 - FIXED-LENGTH DATA ELEMENTS--GENERAL INFORMATION
fixed length control field 260407a2009 arg spa d
003 - CONTROL NUMBER IDENTIFIER
control field AR-UNSa-BCEJYS
040 ## - CATALOGING SOURCE
Original cataloging agency AR-UNSa-BCEJYS
Language of cataloging spa
Transcribing agency AR-UNSa-BCEJYS
080 ## - UNIVERSAL DECIMAL CLASSIFICATION NUMBER
Universal Decimal Classification number 343.2
Common auxiliary subdivision Derecho penal
020 ## - INTERNATIONAL STANDARD BOOK NUMBER
International Standard Book Number 978-987-03-1426-4
100 1# - MAIN ENTRY--PERSONAL NAME
Personal name Terragni, Martiniano
245 10 - TITLE STATEMENT
Title Justicia penal de menores
250 ## - EDITION STATEMENT
Edition statement 2a. ed.
264 #1 - PRODUCTION, PUBLICATION, DISTRIBUTION, MANUFACTURE, AND COPYRIGHT NOTICE
Place of production, publication, distribution, manufacture Buenos Aires :
Name of producer, publisher, distributor, manufacturer La Ley
Date of production, publication, distribution, manufacture, or copyright notice 2009
300 ## - PHYSICAL DESCRIPTION
Extent xxviii, 338 p.
Dimensions 24 cm.
505 ## - FORMATTED CONTENTS NOTE
Formatted contents note 1. La organización de la justicia nacional -- 2. El marco normativo interno -- 3. Las normas internacionales de protección de derechos del niño -- 4. Las garantías procesales -- 5. La práctica profesional y el abogado defensor -- 6. El proceso penal juvenil -- 7. La suspensión del juicio a prueba -- 8. El juicio abreviado -- 9. La imposición de pena a un niño -- 10. Los recursos contra la sentencia -- 11. El expediente tutelar
590 ## - LOCAL NOTE (RLIN)
Local note niveau_biblio:m niveau_hierar:0
856 41 - ELECTRONIC LOCATION AND ACCESS
Uniform Resource Identifier <a href="https://biblioeco.unsa.edu.ar/pmb/images/libros/Justicia penal de menores-l117750.jpg">https://biblioeco.unsa.edu.ar/pmb/images/libros/Justicia penal de menores-l117750.jpg</a>
Link text Imagen de portada
Electronic format type image/jpeg
942 ## - ADDED ENTRY ELEMENTS (KOHA)
Koha item type
Existencias
Withdrawn status Lost status Damaged status Not for loan Home library Current library Shelving location Date acquired Total checkouts Full call number Barcode Date last seen Price effective from Koha item type
        Biblioteca Prof. Eusebio Cleto del Rey Biblioteca Prof. Eusebio Cleto del Rey   07/04/2026   343.2 T323 2ed. L117750 07/04/2026 07/04/2026 Libro